Control Interno y Sistema de Gestin̤ de Calidad

Bibliographic Details
Main Author: Isaza Serrano, Alejandro Tadeo
Format: eBook
Language:Spanish
Published: Bogot ̀: Ediciones de la U, 2012
Subjects:
Online Access:http://www.vlex.com/source/9100

MARC

LEADER 00000nam a22000007a 4500
005 20130327134121.0
007 cr|||| ||||
008 130327e2012 ck |||||s|||| 00||0 spa d
020 |a 978-958-762-057-3 
035 |a 9100 
040 |a vLex 
090 |c 4054  |d 4054 
100 1 0 |a Isaza Serrano, Alejandro Tadeo 
245 1 0 |a Control Interno y Sistema de Gestin̤ de Calidad  |c / Alejandro Tadeo Isaza Serrano   |h [Recurso electrn̤ico] 
256 |a Servicio en ln̕ea 
260 |a Bogot ̀:   |b Ediciones de la U,   |c 2012  
300 |a 1 Recurso electrn̤ico 
506 |d vLex Global  |d vLex Global (Academic Edition, excluding Law Schools)  |d vLex Global (U.S. Academic Edition, Law Schools)  |d vLex Global (U.S. Academic Edition, excluding Law Schools)  |d vLex Global (Academic Edition, Law Schools) 
650 0 4 |a Calidad total 
650 0 4 |a Administracin̤ (Management) 
650 0 4 |a Auditora̕ 
740 |a vLex Libros (Servicio en ln̕ea) 
856 |a Acceso restringido  |u http://www.vlex.com/source/9100 
942 |c BOOK 
999 0 |a Total quality management